000 00789nas a2200253 4500
001 BR2010001565
003 BR-BrBNA
005 20231205113953.0
007 ta
008 230509b bl.|||p| |||| 00| 00por d
040 _aBR-BrBNA
_bpor
_cBiblioteca Nacional de Agricultura
041 _a(Pt)
072 _aF60
100 1 _aSimeone, M.L.F.
100 1 _aKalil Filho, A.N.
245 1 _aComposição química do fruto de imbuia (Ocotea porosa)nativa do município de Colombo, PR
650 _aIMBUIA
650 _aCOMPOSIÇÃO QUÍMICA
650 _aÓLEO VEGETAL
650 _aPARANÁ
773 0 _tPesquisa Florestal Brasileira (Brazil)
_xISSN 1809-3647
_g(Jan-Jun 2009), (no. 58) p. 29-34
_wBR2010001565
909 _a202311
_bLúcia
_c55
_dLúcia Elande
942 _2AGRIS
_n0
_cANA
999 _c206511
_d206511